000 00573nam a2200241Ia 4500
003 OSt
005 20221005125956.0
006 a|||||r|||| 00| 0
007 ta
008 221004b |||||||| |||| 00| 0 eng d
024 _a61910
037 _cTextual
040 _aCRL
_cCRL
_beng
041 _2eng
_aeng
082 _aS1:62, K8
100 _aMillar Susanna
_9637405
245 0 _aPsychology of play
260 _c1968
300 _avp.
_ccm.
650 _aPSYCHOLOGY
942 _hS1:62, K8
_cTEXL
_2cc
999 _c1055664
_d1055664